[Event "Lugano Paradiso op"]
[Site "Lugano"]
[Date "2023.05.27"]
[Round "3"]
[White "Cocconcelli, Lorenzo"]
[Black "Busch, Felix"]
[Result "1-0"]
[WhiteElo "2155"]
[BlackElo "1776"]
[PlyCount "59"]
[EventDate "2023.05.26"]
[EventType "swiss"]
[EventRounds "5"]
[EventCountry "SUI"]
[SourceTitle "CBM 214 Extra"]
[Source "ChessBase"]
[SourceDate "2023.07.31"]
[SourceVersion "1"]
[SourceVersionDate "2023.07.31"]
[SourceQuality "1"]

1. d4 d5 2. c4 c6 3. Nf3 Nf6 4. e3 e6 5. Bd3 Nbd7 6. Nbd2 dxc4 7. Nxc4 b5 8. Nce5 Bb7 9. 0-0 Bd6 10. b3 0-0 11. Bb2 a6 12. Rc1 c5 13. Bb1 Rc8 14. Qe2 Be4 15. Bxe4 Nxe4 16. Nxd7 Qxd7 17. Qd3 Qb7 18. Rfd1 Rfd8 19. Ba1 Be7 20. Qb1 cxd4 21. Bxd4 Rxc1 22. Rxc1 Bf6 23. Qc2 Bxd4 24. Nxd4 h6 25. Nc6 Rd2 26. Qxe4 Rxa2 27. Rd1 g6 28. Rd8+ Kh7 29. Qd4 Ra1+ 30. Qxa1 1-0